<?xml version="1.0" encoding="UTF-8"?>
<record
    xmlns:xsi="http://www.w3.org/2001/XMLSchema-instance"
    xsi:schemaLocation="http://www.loc.gov/MARC21/slim http://www.loc.gov/standards/marcxml/schema/MARC21slim.xsd"
    xmlns="http://www.loc.gov/MARC21/slim">

  <leader>03237cam a2200349 a 4500</leader>
  <controlfield tag="003">EG-GiCUC</controlfield>
  <controlfield tag="005">20250223032901.0</controlfield>
  <controlfield tag="008">211219s2021    ua dh  f m    000 0 eng d</controlfield>
  <datafield tag="040" ind1=" " ind2=" ">
    <subfield code="a">EG-GiCUC</subfield>
    <subfield code="b">eng</subfield>
    <subfield code="c">EG-GiCUC</subfield>
  </datafield>
  <datafield tag="041" ind1="0" ind2=" ">
    <subfield code="a">eng</subfield>
  </datafield>
  <datafield tag="049" ind1=" " ind2=" ">
    <subfield code="a">Deposite </subfield>
  </datafield>
  <datafield tag="097" ind1=" " ind2=" ">
    <subfield code="a">Ph.D</subfield>
  </datafield>
  <datafield tag="099" ind1=" " ind2=" ">
    <subfield code="a">Cai01.11.05.Ph.D.2021.Am.B</subfield>
  </datafield>
  <datafield tag="100" ind1="0" ind2=" ">
    <subfield code="a">Amr Mohamed Mohy Eldin Kamel Eissa</subfield>
  </datafield>
  <datafield tag="245" ind1="1" ind2="0">
    <subfield code="a">Bailout utilization of Tirofiban for distal trashing/ acute thrombosis during endovascular management in patients with peripheral arterial occlusive disease / </subfield>
    <subfield code="c">Amr Mohamed Mohyeldin Kamel Eissa ; Supervised Mohamed Hosni Eldessoki , Ahmed Gamal Eldin Fouad , Amr Saleh Elbahaey</subfield>
  </datafield>
  <datafield tag="246" ind1="1" ind2="5">
    <subfield code="a">&#x627;&#x633;&#x62A;&#x62E;&#x62F;&#x627;&#x645; &#x627;&#x644;&#x62A;&#x64A;&#x631;&#x648;&#x641;&#x64A;&#x628;&#x627;&#x646; &#x643;&#x648;&#x633;&#x64A;&#x644;&#x629; &#x625;&#x646;&#x642;&#x627;&#x630; &#x641;&#x649; &#x62D;&#x627;&#x644;&#x627;&#x62A; &#x627;&#x644;&#x62A;&#x62C;&#x644;&#x637; &#x627;&#x644;&#x634;&#x631;&#x64A;&#x627;&#x646;&#x649; / &#x627;&#x644;&#x625;&#x646;&#x633;&#x62F;&#x627;&#x62F; &#x627;&#x644;&#x648;&#x639;&#x627;&#x626;&#x649; &#x627;&#x644;&#x637;&#x631;&#x641;&#x649; &#x623;&#x62B;&#x646;&#x627;&#x621; &#x639;&#x644;&#x627;&#x62C; &#x645;&#x631;&#x636;&#x649; &#x627;&#x644;&#x625;&#x646;&#x63A;&#x644;&#x627;&#x642; &#x627;&#x644;&#x634;&#x631;&#x64A;&#x627;&#x646;&#x649; &#x627;&#x644;&#x637;&#x631;&#x641;&#x649; &#x639;&#x646; &#x637;&#x631;&#x64A;&#x642; &#x627;&#x644;&#x642;&#x633;&#x637;&#x631;&#x629; &#x627;&#x644;&#x62A;&#x62F;&#x627;&#x62E;&#x644;&#x64A;&#x629;</subfield>
  </datafield>
  <datafield tag="260" ind1=" " ind2=" ">
    <subfield code="a">Cairo : </subfield>
    <subfield code="b">Amr Mohamed Mohy Eldin Kamel Eissa , </subfield>
    <subfield code="c">2021</subfield>
  </datafield>
  <datafield tag="300" ind1=" " ind2=" ">
    <subfield code="a">97 P. : </subfield>
    <subfield code="b">charts , facsimiles ; </subfield>
    <subfield code="c">25cm </subfield>
  </datafield>
  <datafield tag="502" ind1=" " ind2=" ">
    <subfield code="a">Thesis (Ph.D.) - Cairo University - Faculty of Medicine - Department of Cardiothoracic Surgery</subfield>
  </datafield>
  <datafield tag="520" ind1=" " ind2=" ">
    <subfield code="a">Background:Despite major advances during recent years, complications in peripheral vascular interventions remain a major issue. Because angioplasty for most entities of peripheral vascular disease does not generally have a more durable result than surgical reconstruction, its use is justified mainly by its reduced risk combined with a reasonable likelihood for success. Among the most serious complications are the embolization and distal trashing, which can be a devastating complication of endovascularprocedures. It can transform a relatively straightforward procedureperformed for claudication into a complex high-risk limb salvageendeavor.  Objective: Todescribe a bailout technique for the management of distal trashing/ acute thrombosis in patients undergoing angioplasty for peripheral arterialocclusive diseaseusing Tirofiban infusion and anticoagulation. Methods: This is a Nonrandomized single arm clinical trial describing a bailout technique for the management of distal trashing/ acute thrombosis in patients undergoing angioplasty for peripheral arterial occlusive disease.The study was conducted at Cairo university hospitals (KasrAlainy), vascular surgery department, in the period between April 2019 and August 2020.Forty-three patients with peripheral arterial disease undergoing angioplasty complicated; interprocedurally; by distal trashing/ acute thrombosis were included.Results: Clinical success defined asRestoration of palpable pulse or triphasic flow by duplex was met in thirty-nine (90.7%) cases. Failure cases had established non- salvageable limbs, ended by above knee amputation </subfield>
  </datafield>
  <datafield tag="530" ind1=" " ind2=" ">
    <subfield code="a">Issued also as CD</subfield>
  </datafield>
  <datafield tag="653" ind1=" " ind2="4">
    <subfield code="a">Acute thrombosis </subfield>
  </datafield>
  <datafield tag="653" ind1=" " ind2="4">
    <subfield code="a">Distal trashing </subfield>
  </datafield>
  <datafield tag="653" ind1=" " ind2="4">
    <subfield code="a">Tirofiban</subfield>
  </datafield>
  <datafield tag="700" ind1="0" ind2=" ">
    <subfield code="a">Ahmed Gamal Eldin Fouad , </subfield>
    <subfield code="e">Supervisor</subfield>
  </datafield>
  <datafield tag="700" ind1="0" ind2=" ">
    <subfield code="a">Amr Saleh Elbahaey , </subfield>
    <subfield code="e">Supervisor</subfield>
  </datafield>
  <datafield tag="700" ind1="0" ind2=" ">
    <subfield code="a">Mohamed Hosni Eldessoki , </subfield>
    <subfield code="e">Supervisor</subfield>
  </datafield>
  <datafield tag="856" ind1=" " ind2=" ">
    <subfield code="u">http://172.23.153.220/th.pdf</subfield>
  </datafield>
  <datafield tag="905" ind1=" " ind2=" ">
    <subfield code="a">Nazla</subfield>
    <subfield code="e">Revisor</subfield>
  </datafield>
  <datafield tag="905" ind1=" " ind2=" ">
    <subfield code="a">Shimaa</subfield>
    <subfield code="e">Cataloger</subfield>
  </datafield>
  <datafield tag="942" ind1=" " ind2=" ">
    <subfield code="2">ddc</subfield>
    <subfield code="c">TH</subfield>
  </datafield>
  <datafield tag="999" ind1=" " ind2=" ">
    <subfield code="c">83612</subfield>
    <subfield code="d">83612</subfield>
  </datafield>
  <datafield tag="952" ind1=" " ind2=" ">
    <subfield code="2">ddc</subfield>
    <subfield code="7">0</subfield>
    <subfield code="a">CUCL</subfield>
    <subfield code="b">cl210</subfield>
    <subfield code="d">2024-02-11</subfield>
    <subfield code="o">Cai01.11.05.Ph.D.2021.Am.B</subfield>
    <subfield code="p">01010110085014000</subfield>
    <subfield code="r">2023-09-22 00:00:00</subfield>
    <subfield code="y">TH</subfield>
  </datafield>
  <datafield tag="952" ind1=" " ind2=" ">
    <subfield code="2">ddc</subfield>
    <subfield code="7">0</subfield>
    <subfield code="a">CUCL</subfield>
    <subfield code="b">cl2u8</subfield>
    <subfield code="d">2024-02-11</subfield>
    <subfield code="o">Cai01.11.05.Ph.D.2021.Am.B</subfield>
    <subfield code="p">01020110085014000</subfield>
    <subfield code="r">2023-09-22 00:00:00</subfield>
    <subfield code="t">85014.CD     </subfield>
    <subfield code="y">CD</subfield>
  </datafield>
</record>
